|
|
|
|
| LEADER |
00000cam a2200000 4500 |
| 001 |
vtls010388530 |
| 003 |
SK-MaSNL |
| 005 |
20260301085217.0 |
| 008 |
120521s1978 xo a gr 000 fdhun |
| 015 |
|
|
|a SNBA2025/11
|
| 020 |
|
|
|a 9631114961
|q (viazané)
|
| 040 |
|
|
|a SNK
|b slo
|c SNK
|e AACR2
|
| 041 |
|
|
|a hun
|
| 044 |
|
|
|a xo
|c SK
|
| 072 |
|
7 |
|a 821.511.1
|x Ugrofínske literatúry
|2 konspekt
|
| 080 |
|
|
|a 821.511.141-31
|2 2011
|
| 080 |
|
|
|a (0:82-312.6)
|2 2011
|
| 100 |
1 |
|
|a Kertész, Erzsébet,
|d 1909-
|4 aut
|9 241409
|
| 245 |
1 |
2 |
|a A tábornok lánya
|b Alekszandra Kollontaj életregénye
|c Erzsébet Kertész
|
| 260 |
|
|
|a Bratislava
|b Madách Könyvkiadó
|c 1978
|
| 300 |
|
|
|a 349 strán
|b ilustrácie
|c 20 cm
|
| 600 |
1 |
7 |
|a Kollontaj, Aleksandra Michajlovna,
|d 1872-1952
|9 252046
|
| 655 |
|
7 |
|a biografické romány
|2 SNKPH
|9 1532
|
| 655 |
|
7 |
|a Biographical novels
|2 SNKPHeng
|9 278552
|
| 655 |
|
7 |
|a maďarské romány
|2 SNKPH
|9 70321
|
| 655 |
|
7 |
|a Hungarian fiction
|2 SNKPHeng
|9 277893
|
| 700 |
1 |
|
|a Csavlek, András
|4 ill
|9 414904
|
| 852 |
|
|
|a Slovenská národná knižnica
|
| 919 |
|
|
|a 963 11 1496 1
|
| 954 |
|
|
|a beletria cudzojazyčná (svetová)
|2 lita
|
| 958 |
|
|
|a HU
|
| 958 |
|
|
|a LX
|
| 958 |
|
|
|a BC
|
| 999 |
|
|
|c 665296
|d 667226
|
| 952 |
|
|
|a SNK
|b SNK
|y VYP
|7 0
|p 17A1525865
|o snkSD 91348 D1
|i snk2023/5677
|8 7
|0 0
|1 0
|4 0
|d 2023-04-04
|l 0
|r 2026-02-23 19:07:18
|w 2026-02-23
|
| 952 |
|
|
|a SNK
|b SNK
|y PREZ
|7 0
|p 17A1525716
|o snkSD 91348
|i snk2023/2396
|8 7
|0 0
|1 0
|4 0
|d 2023-02-08
|l 0
|r 2026-02-23 19:07:18
|w 2026-02-23
|